00517nam a2200169Ia 4500008004100000020001800041041000800059082001600067100002100083245003500104250001200139260003400151300000900185650002200194999002100216952011000237260223s2025 xx 000 0 und d a9789349373136 aeng a610.730/VIJ aVijayalakshmi.S. aNursing Reasearch & Statistics a1st ed. aB.S.B. PunebEMMESS,Pubc2025 a338P aNursing Reasearch c1216622d1216622 00104070aNCMbNCMd2026-01-22g650.00l0o610.730/VIJpNCM-N-4709r2026-02-23 00:00:00w2026-02-23yBK